000 00531nam a22001937a 4500
003 BUBTL
008 221208b ||||| |||| 00| 0 eng d
082 _a823.912/ C7634l/ 1986
100 _94243
_aConrad, Joseph
245 _aLord Jim :
_bJoseph Conrad
250 _a1st Edn.
260 _aNew York
_bPenguin Book
_cc1986
300 _a377p. :
_b
_c18 cm
650 0 _91994
_aEnglish Literature
700 _94243
_aConrad, Joseph
856 _k0
_l0
_yDownload
942 _2ddc
_cBK
999 _c6859
_d6859